| 000 | 00732nam a2200181Ia 4500 | ||
|---|---|---|---|
| 008 | 100921s9999 xx 000 0 und d | ||
| 082 |
_b20712 _a808.068 थ 86 |
||
| 100 | _aरांगणेकर कुमुदिनी. | ||
| 245 | _aप्राणीवस्तीतील सहल. | ||
| 260 |
_bराजेंद्र प्रकाशन, पुणे. _c1986 |
||
| 300 |
_a52 _bगणेश वितरण,पुणे |
||
| 365 | _b6 | ||
| 520 | _aललित-बालवाङ्रमय. | ||
| 630 | _aप्राणीवस्तीतील सहल. | ||
| 650 | _aललित-बालवाङ्रमय. | ||
| 730 | _aप्राणीवस्तीतील सहल. | ||
| 942 | _cBOOK | ||
| 999 |
_c769825 _d769822 |
||